[Event "Montreal Printanier/Spring op"]
[Site "Montreal"]
[Date "1983.05.21"]
[Round "1"]
[White "Labelle, Jean"]
[Black "Guevremont, Grant"]
[Result "1/2-1/2"]
[WhiteElo "1612"]
[BlackElo "2040"]
[PlyCount "51"]
[EventDate "1983.05.21"]
[EventType "swiss"]
[EventRounds "6"]
[EventCountry "CAN"]
[SourceTitle "EXT 2022"]
[Source "ChessBase"]
[SourceDate "2021.10.06"]
[SourceVersion "1"]
[SourceVersionDate "2021.10.06"]
[SourceQuality "1"]

1. c4 Nf6 2. Nc3 g6 3. g3 Bg7 4. Bg2 0-0 5. e4 d6 6. Nge2 c5 7. d3 Nc6 8. 0-0 e5 9. h3 Be6 10. Be3 a6 11. f4 Qc8 12. Kh2 Rb8 13. Nd5 Nd7 14. f5 Bxd5 15. exd5 Nd4 16. Be4 Qd8 17. Qd2 Nxe2 18. Qxe2 g5 19. Rf2 h6 20. Rh1 Nf6 21. Bc1 b5 22. b3 b4 23. g4 Nxe4 24. dxe4 f6 25. Kg3 Kf7 26. Qd3 1/2-1/2